| 000 | 02363cam a22006134i 4500 | ||
|---|---|---|---|
| 003 | PE-LiUPU | ||
| 005 | 20250731170411.0 | ||
| 008 | 140827s2015 mnu rb 000 0 eng d | ||
| 035 | _a(Sirsi) i9781451483406 | ||
| 040 |
_aYDXCP _bspa _erda _cYDXCP _dBTCTA _dBDX _dOCLCQ _dOCLCO _dCDX _dLTSCA _dPTE _dOCLCF _dLNT _dLMR _dDLC _dOCLCQ _dS3O _dPE-LiUPU |
||
| 020 | _a9781451483406 | ||
| 020 | _a1451483414 | ||
| 020 |
_a9781451483413 _q(pbk. ; _qalk. paper) |
||
| 082 | 0 | 4 |
_a153.42 _bT47 _223 |
| 245 | 0 | 0 |
_aThinking theologically / _cEric D. Barreto. |
| 264 | 1 |
_aMinneapolis, MN : _bFortress Press, _c[2015] |
|
| 300 |
_aix, 142 páginas ; _c23 centímetros. |
||
| 336 |
_atext _2rdacontent |
||
| 337 |
_aunmediated _2rdamedia |
||
| 338 |
_avolume _2rdacarrier |
||
| 490 | 0 | _aFoundations for learning | |
| 504 | _aBibliografía : páginas 135-142. | ||
| 505 | 0 | _aThinking mindfully / Jennifer M. Shepherd -- Thinking bodily / Lance J. Peeler -- Thinking pastorally / Jessica Krey Duckworth -- Thinking biblically / Mariam J. Kamell -- Thinking historically / Adam Ployd -- Thinking systematically / Amy Marga -- Thinking ethically / Matilde Moros -- Thinking socially / Stephanie Buckhanon Crowder -- Thinking spiritually / Cláudio Carvalhaes. | |
| 526 | _aSEG68 | ||
| 526 | _aSEG70 | ||
| 526 | _aSEG69 | ||
| 526 | _aSEG67 | ||
| 526 | _aSEG43 | ||
| 526 | _aP144 | ||
| 526 | _aP143 | ||
| 526 | _aP131 | ||
| 526 | _aP122 | ||
| 526 | _aP120 | ||
| 526 | _aP117 | ||
| 526 | _aP112 | ||
| 526 | _aP110 | ||
| 526 | _aP106 | ||
| 526 | _aP101 | ||
| 526 | _aP80 | ||
| 526 | _aP59 | ||
| 526 | _aP54 | ||
| 526 | _aP35 | ||
| 526 | _aP33 | ||
| 526 | _aP30 | ||
| 650 | 0 |
_aPensamiento y el pensar _xAspectots Religiosos _xCristianismo. |
|
| 700 | 1 |
_aBarreto, Eric D., _d1980- , _eeditor. |
|
| 942 |
_2ddc _cBOOK |
||
| 994 |
_aC0 _bPEPRU |
||
| 910 |
_ajck _bebj _cebj _d20160616 |
||
| 949 |
_a153.42 T47 _wDEWEY _c1 _i73656 _lCATALOGING _mBUL _p38.15 _r0 _sY _tBOOK _u16/06/16 _xTEOLOGIA _PP35 _o.STAFF. Colección General Teología _0compra |
||
| 596 | _a1 | ||
| 999 |
_a153.42 T47 _wDEWEY _c10012 _i73656 _f2021-11-3 _g5 _lCCODEBUL1 _mBUL _p38.15 _r0 _sY _tBOOK _u2016-6-16 _xSALUD _PP35 _0COMPRA _o.STAFF. Colección General Teología _d10012 |
||
| 980 |
_81 _gALBERTO SANCHEZ Responsable de Automatización |
||